000 00496nam a2200181Ia 4500
005 20250326141753.0
008 250326s9999 xx 000 0 und d
037 _aTextbook
040 _aFMSL
_beng
_cFMSL
041 _aeng
_2eng
084 _qFMSL
100 _aTaknet D K
_9273389
245 0 _aIndustrial enterpreneurship of Shekhawati marwaries
_cTaknet D K
260 _aJaipur
_bJaipur, University of Rajastan
_c1987
300 _a279p
942 _cTB
999 _c1291888
_d1291888